La agricultura prehistórica en los Andes meridionales
Uloženo v:
| Hlavní autor: | |
|---|---|
| Médium: | Kniha |
| Jazyk: | španělština |
| Vydáno: |
Santiago
Orbe-Universidad del Norte
1974
|
| Edice: | Colección Testimonios
|
| Témata: | |
| Tagy: |
Přidat tag
Žádné tagy, Buďte první, kdo vytvoří štítek k tomuto záznamu!
|
MARC
| LEADER | 00000cam a2200000 a 4500 | ||
|---|---|---|---|
| 001 | UCV8669 | ||
| 003 | CL-VaPUC | ||
| 008 | 911114e19740000CL |||||||||||||||||spa|d | ||
| 082 | 0 | 4 | |a 630.9 |b NUÑ |2 21 |
| 100 | |a Núñez Atencio, Lautaro |e autor |9 441291 | ||
| 245 | 1 | 3 | |a La agricultura prehistórica en los Andes meridionales |
| 300 | |a 197 p | ||
| 942 | |c BK | ||
| 945 | |d 19911114 00:00:00 | ||
| 260 | |a Santiago |b Orbe-Universidad del Norte |c 1974 | ||
| 650 | 7 | |a HISTORIA AGRICOLA |2 CL-VaPUC |9 267013 | |
| 650 | 0 | |a Agricultura |9 255598 | |
| 650 | 0 | |a Indios de América del Sur |9 255272 | |
| 583 | |a last modification |c 20180514 10:29:17 |k Rodrigo Vera | ||
| 490 | 0 | |a Colección Testimonios | |
| 999 | |c 214152 |d 214150 | ||
| 952 | |0 0 |1 0 |4 0 |6 630_900000000000000_NUÑ_1974 |7 0 |8 P |9 197270 |a BIBARQ |b BIBARQ |d 2019-11-14 |i 2649551 |o 630.9 NUÑ 1974 |p 2649551 |r 2025-01-20 |w 2019-11-14 |y BK |k ARQ | ||
| 952 | |0 0 |1 0 |4 0 |6 630_900000000000000_NUÑ_1974 |7 0 |8 A |9 197273 |a BIBHIS |b BIBHIS |d 2019-11-14 |i 1369792 |o 630.9 NUÑ 1974 |p 1369792 |r 2025-01-20 |w 2019-11-14 |y BK |k HIS | ||
| 952 | |0 0 |1 0 |4 0 |6 630_900000000000000_NUÑ_1974 |7 0 |8 A |9 197274 |a BIBHIS |b BIBHIS |d 2019-11-14 |i 1369806 |o 630.9 NUÑ 1974 |p 1369806 |r 2025-01-20 |w 2019-11-14 |y BK |k HIS | ||
| 952 | |0 0 |1 0 |4 0 |6 630_900000000000000_NUÑ_1974 |7 0 |8 A |9 197275 |a BIBHIS |b BIBHIS |d 2019-11-14 |i 1369814 |l 1 |o 630.9 NUÑ 1974 |p 1369814 |r 2025-01-20 |s 2023-08-01 |w 2019-11-14 |y BK |k HIS | ||
| 952 | |0 0 |1 0 |4 0 |6 630_900000000000000_NUÑ_1974 |7 0 |8 A |9 197276 |a BIBHIS |b BIBHIS |d 2019-11-14 |i 4855884 |o 630.9 NUÑ 1974 |p 4855884 |r 2025-01-20 |w 2019-11-14 |y BK |k HIS | ||